000 00462nmm a2200169Ia 4500
008 251105s9999||||xx |||||||||||||||||und||
020 _a9788498169997
041 _aspa
100 _aSarmiento, Domingo Faustino
245 0 _aVida de Juan Facundo Quiroga
264 _a[Madrid, España] :
_bLinkgua,
_c2011
300 _a236 páginas
490 _aHistoria
650 _aBiography
856 _uhttps://public.digitaliapublishing.com/a/13269
942 _cCF
999 _c91532
_d91532